[Event "Harrogate 4NCL op-B 31st"]
[Site "Harrogate"]
[Date "2024.01.21"]
[Round "5"]
[White "Mottram, Paul"]
[Black "O'Gorman, Brendan"]
[Result "1/2-1/2"]
[WhiteElo "1674"]
[BlackElo "1843"]
[PlyCount "30"]
[EventDate "2024.01.19"]
[EventType "swiss"]
[EventRounds "5"]
[EventCountry "ENG"]
[SourceTitle "CB06_2024"]
[SourceDate "2024.02.07"]
[SourceVersion "1"]
[SourceVersionDate "2024.02.07"]
[SourceQuality "1"]

1. d4 d5 2. c4 e6 3. Nc3 a6 4. cxd5 exd5 5. Nf3 h6 6. Bf4 Nf6 7. h3 Bd6 8. Bxd6 Qxd6 9. e3 Bf5 10. Qb3 Nc6 11. Be2 0-0 12. 0-0 b5 13. Qd1 Rfe8 14. Rc1 Ne4 15. Nxe4 Bxe4 1/2-1/2

[Event "London Chess Classic op 10th"]
[Site "London"]
[Date "2018.12.12"]
[Round "4"]
[White "Mottram, Paul"]
[Black "Solovieva, Kristina"]
[Result "0-1"]
[WhiteElo "1579"]
[BlackElo "1375"]
[PlyCount "50"]
[EventDate "2018.12.09"]
[EventType "swiss"]
[EventRounds "5"]
[EventCountry "ENG"]
[SourceTitle "EXT 2021"]
[Source "ChessBase"]
[SourceDate "2020.10.23"]
[SourceVersion "1"]
[SourceVersionDate "2020.10.23"]
[SourceQuality "1"]

1. d4 f5 2. Nc3 Nf6 3. Bf4 d6 4. e3 g6 5. Nf3 Bg7 6. Bc4 e6 7. Qe2 a6 8. a4 h6 9. e4 g5 10. e5 Nh7 11. Bd2 d5 12. Bd3 Nc6 13. h3 Qe7 14. 0-0 h5 15. Be3 g4 16. hxg4 hxg4 17. Nd2 Qh4 18. Bf4 Ng5 19. f3 g3 20. Bxg3 Qxg3 21. Rfd1 Nh3+ 22. Kf1 Nf4 23. Qf2 Rh1+ 24. Qg1 Rxg1+ 25. Kxg1 Qxg2# 0-1

[Event "London Chess Classic op 10th"]
[Site "London"]
[Date "2018.12.11"]
[Round "3"]
[White "Apaza, Jorge Antonio"]
[Black "Mottram, Paul"]
[Result "1-0"]
[WhiteElo "1529"]
[BlackElo "1579"]
[PlyCount "131"]
[EventDate "2018.12.09"]
[EventType "swiss"]
[EventRounds "5"]
[EventCountry "ENG"]
[SourceTitle "EXT 2021"]
[Source "ChessBase"]
[SourceDate "2020.10.23"]
[SourceVersion "1"]
[SourceVersionDate "2020.10.23"]
[SourceQuality "1"]

1. e4 c6 2. c4 d5 3. exd5 cxd5 4. d4 Nf6 5. Nc3 e6 6. Nf3 Nc6 7. Bd3 Be7 8. 0-0 0-0 9. a3 a6 10. c5 Qc7 11. Bg5 h6 12. Bh4 Qd8 13. Bc2 Nd7 14. Qd3 f5 15. Bg3 Nf6 16. Ne5 Nxe5 17. Bxe5 Ng4 18. f4 Nf6 19. Qg3 Qe8 20. Na4 Bd8 21. Rac1 Bd7 22. Nb6 Bxb6 23. cxb6 a5 24. Rfe1 a4 25. Bb1 Bc6 26. b4 axb3 27. Qxb3 Qe7 28. Rc5 Nd7 29. Rec1 Nxc5 30. dxc5 Ra5 31. Bd6 Qf6 32. Be5 Qd8 33. Qg3 Rf7 34. Rc3 d4 35. Rd3 Rxc5 36. Qe1 Qd5 37. Rd2 Rc4 38. Ba2 Qb5 39. Bxc4 Qxc4 40. Rxd4 Qb3 41. Bc7 Qc2 42. Rd2 Qc5+ 43. Kh1 Bd5 44. a4 Qb4 45. Qc1 Qxa4 46. h3 Qb3 47. Kh2 Rf6 48. Qc2 Qe3 49. Qd3 Qe1 50. Qe2 Qxe2 51. Rxe2 g5 52. fxg5 hxg5 53. g3 Kf7 54. Bd8 Rg6 55. g4 f4 56. Re5 f3 57. Kg3 Rg8 58. Bxg5 Ke8 59. Be3 Ke7 60. Rh5 Rf8 61. Bc5+ Ke8 62. Bxf8 Kxf8 63. Rh7 e5 64. h4 e4 65. Kf2 Kg8 66. Rc7 1-0

[Event "Douglas IoM op-C"]
[Site "Douglas"]
[Date "2018.10.26"]
[Round "5"]
[White "Mottram, Paul"]
[Black "MacGilchrist, Siegrun"]
[Result "1-0"]
[WhiteElo "1488"]
[BlackElo "1645"]
[PlyCount "101"]
[EventDate "2018.10.22"]
[EventType "swiss"]
[EventRounds "7"]
[EventCountry "IOM"]
[SourceTitle "CBM 187 Extra"]
[Source "ChessBase"]
[SourceDate "2018.11.04"]
[SourceVersion "1"]
[SourceVersionDate "2018.11.04"]
[SourceQuality "1"]

1. d4 Nf6 2. c4 e6 3. Nc3 Bb4 4. e3 Ne4 5. Qc2 f5 6. Bd3 Nxc3 7. bxc3 Be7 8. e4 0-0 9. exf5 e5 10. f6 Bxf6 11. Bxh7+ Kf7 12. Bg6+ Ke7 13. dxe5 Bxe5 14. Bg5+ Rf6 15. Bxf6+ Bxf6 16. Nf3 d6 17. 0-0 Nc6 18. Rfe1+ Be6 19. Re3 Qd7 20. Rae1 Ne5 21. Nxe5 dxe5 22. Re4 Rd8 23. f4 Qc6 24. fxe5 Bg5 25. Kh1 Rd2 26. Qb3 b6 27. Qb4+ Qc5 28. Qxc5+ bxc5 29. R4e2 Rxe2 30. Rxe2 Bxc4 31. Rb2 Bf4 32. Rb7 Bxe5 33. Rxa7 Kd6 34. Ra4 Bb5 35. Ra3 c4 36. Bf7 g5 37. Kg1 Ke7 38. Bd5 Kf6 39. g4 c6 40. Be4 Bd6 41. Ra8 c5 42. a4 Bd7 43. a5 Ke5 44. Bf3 Kf4 45. Kf2 Bc7 46. a6 Ba5 47. a7 Bxc3 48. Rf8+ Ke5 49. a8Q Bd4+ 50. Ke2 c3 51. Qd5# 1-0

[Event "Douglas IoM op-C"]
[Site "Douglas"]
[Date "2018.10.25"]
[Round "4"]
[White "Erenberg, Shmuel"]
[Black "Mottram, Paul"]
[Result "0-1"]
[WhiteElo "1117"]
[BlackElo "1488"]
[PlyCount "70"]
[EventDate "2018.10.22"]
[EventType "swiss"]
[EventRounds "7"]
[EventCountry "IOM"]
[SourceTitle "CBM 187 Extra"]
[Source "ChessBase"]
[SourceDate "2018.11.04"]
[SourceVersion "1"]
[SourceVersionDate "2018.11.04"]
[SourceQuality "1"]

1. d4 d5 2. Bf4 Nf6 3. e3 Bf5 4. Nd2 e6 5. Ngf3 Be7 6. Ne5 0-0 7. h3 h6 8. g4 Be4 9. f3 Bh7 10. g5 Nh5 11. gxh6 Bh4+ 12. Ke2 Nxf4+ 13. exf4 gxh6 14. Rg1+ Kh8 15. Rg4 h5 16. Rg2 Qf6 17. Ke3 Qe7 18. Nd3 Nd7 19. Nb3 b6 20. Kd2 c5 21. c3 c4 22. Ne5 cxb3 23. axb3 Nxe5 24. fxe5 Rg8 25. f4 Rxg2+ 26. Bxg2 Rg8 27. Qe2 Rg3 28. c4 Rd3+ 29. Kc1 Rxd4 30. Qxh5 Rxf4 31. Kd1 Rd4+ 32. Ke2 Qg5 33. Qxg5 Bxg5 34. Rxa7 Rd2+ 35. Kf1 Bd3+ 0-1

[Event "London Classic op U1600 8th"]
[Site "London"]
[Date "2016.12.10"]
[Round "2"]
[White "Mottram, Paul"]
[Black "Martin, Desmond"]
[Result "1/2-1/2"]
[WhiteElo "1442"]
[BlackElo "1112"]
[PlyCount "75"]
[EventDate "2016.12.09"]
[EventType "swiss"]
[EventRounds "5"]
[EventCountry "ENG"]
[SourceTitle "EXT 2019"]
[Source "ChessBase"]
[SourceDate "2018.10.10"]
[SourceVersion "1"]
[SourceVersionDate "2018.10.10"]
[SourceQuality "1"]

1. d4 d5 2. c4 c6 3. Nf3 Nf6 4. Nc3 a6 5. e3 b5 6. cxd5 cxd5 7. Bd3 e6 8. 0-0 Bd6 9. Qc2 0-0 10. e4 dxe4 11. Nxe4 h6 12. b3 Nxe4 13. Bxe4 Ra7 14. Bb2 Bb7 15. Rac1 Nd7 16. Qd3 Bxe4 17. Qxe4 Nf6 18. Qd3 Nd5 19. a3 Rc7 20. Rc2 Rxc2 21. Qxc2 Qd7 22. Ne5 Rc8 23. Qd2 Qb7 24. Rc1 Rxc1+ 25. Qxc1 Qc7 26. Qd2 f6 27. Nf3 Bf4 28. Qe1 Kf7 29. g3 Qc2 30. gxf4 Qxb2 31. f5 exf5 32. Qd1 Qxa3 33. Qc2 Ne7 34. Qd3 Qd6 35. Kg2 Qe6 36. Nd2 Nd5 37. Kf1 Nf4 38. Qf3 1/2-1/2